00783nam a2200253 a 4500001001300000003000900013005001700022008004100039020001000080082002100090100002100111245005600132260003300188300000900221500003500230505003200265650002500297650002000322700002100342902000800363942000700371952013600378999001500514nice12345678IN_TiNIC20260116011913.0050524s1976 dela grp 000 0 eng  ac10000a305.6297054bMIL aMiller, Roland E aMappila Muslims of Keralab Study in Islamic Trends aDelhibOrient Longmansc1976 a350p aincludes index and biblioraphy2 afour volumes bound together aMuslims-India-Kerala aMapilla Muslims1 aMiller, Roland E bSRS cBK 001040708StackRoom-aHMIbHMId2008-09-22g100.00l3m6o305.6297054 MILp07931r2022-11-07s2016-04-07v100.00w2005-05-24yBK c4838d4838